| 000 | 01255nam a2200265Ia 4500 | ||
|---|---|---|---|
| 003 | OSt | ||
| 005 | 20200918125115.0 | ||
| 008 | 191128s1959 ck ad gr 000 0 spa d | ||
| 040 |
_aCO-JMCR _cCO-JMCR |
||
| 041 | 0 | _aspa | |
| 082 | 0 | 4 |
_a911.861 / _bC733j1 _223 |
| 110 | 2 |
_aComisión Corografica bajo la dirección de Agustin Codazzi _910497 |
|
| 245 | 1 | 0 |
_aJeografia física I política de las provincias de la nueva granada : _bprovincias de Cordoba, Cauca, Popayan, Pasto y Tuquerres. Segunda parte: informes / _cComisión Corografica bajo la dirección de Agustin Codazzi |
| 260 |
_aBogotá : _bBanco de la República, _c1959 |
||
| 300 |
_a480 páginas, 2 hojas plegadas : _bgráficos a blanco y negro ; _c23 cm. |
||
| 490 | 0 |
_aArchivo de la economía Nacional ; _v24 |
|
| 505 | 0 | _aProvincia de Cordoba -- Provincia de Cauca -- Provincia de Popayán -- Provincia de Pasto -- Provincia de Túquerres | |
| 650 | 1 | 4 |
_aColombia _xdescripciones y viajes _z1850 _910510 |
| 650 | 1 | 4 |
_aCórdoba _zProvincia (Colombia) _910511 |
| 650 | 1 | 4 |
_aCauca _zProvincia (Colombia) _910512 |
| 650 | 1 | 4 |
_aPopayán _zProvincia (Colombia) _910513 |
| 650 | 1 | 4 |
_aPasto _zProvincia (Colombia) _910514 |
| 650 | 1 | 4 |
_aTúquerres _zProvincia (Colombia) _910515 |
| 942 |
_2ddc _cBK |
||
| 999 |
_c6220 _d6220 |
||